World Trade Center collapse (Record no. 69999)
[ view plain ]
| 000 -LEADER | |
|---|---|
| fixed length control field | 01212cam a2200217 4500 |
| 001 - CONTROL NUMBER | |
| control field | WB3814-05 |
| 008 - FIXED-LENGTH DATA ELEMENTS--GENERAL INFORMATION | |
| fixed length control field | 020417n2002 000 0 eng u |
| 035 ## - SYSTEM CONTROL NUMBER | |
| System control number | (Sirsi) u117541 |
| 245 ## - TITLE STATEMENT | |
| Title | World Trade Center collapse |
| 260 ## - PUBLICATION, DISTRIBUTION, ETC. | |
| Date of publication, distribution, etc. | 2002 |
| 490 ## - SERIES STATEMENT | |
| Series statement | Engineering News Record |
| Volume/sequential designation | 8 April 2002, 11(1) |
| 520 ## - SUMMARY, ETC. | |
| Summary, etc. | A draft copy of a building performance study into the World Trade Center disaster by the American Society of Engineers and the Federal Emergency Management Agency concludes that there were no reasonable precautions which could have been taken that would have prevented the towers from collapsing. The Federation Emergency Management Agency and the National Institute of Standards and Technology issued a statement that the two entities have entered into an agreement in order to "support the federal government's capabilities ot reduce national disaster losses and enhance homeland security". |
| 590 ## - LOCAL NOTE (RLIN) | |
| Local note | WB |
| 650 ## - SUBJECT ADDED ENTRY--TOPICAL TERM | |
| Topical term or geographic name entry element | WORLD TRADE CENTER |
| 650 ## - SUBJECT ADDED ENTRY--TOPICAL TERM | |
| Topical term or geographic name entry element | AMERICAN SOCIETY OF ENGINEERS |
| 650 ## - SUBJECT ADDED ENTRY--TOPICAL TERM | |
| Topical term or geographic name entry element | FEDERAL EMERGENCY AGENCY |
| 650 ## - SUBJECT ADDED ENTRY--TOPICAL TERM | |
| Topical term or geographic name entry element | NATIONAL INSTITUTE OF STANDARDS AND TECHNOLOGY |
| 650 ## - SUBJECT ADDED ENTRY--TOPICAL TERM | |
| Topical term or geographic name entry element | FIRE SAFETY REGULATIONS |
| 690 ## - LOCAL SUBJECT ADDED ENTRY--TOPICAL TERM (OCLC, RLIN) | |
| Topical term or geographic name as entry element | BUILT ENVIRONMENT-BUILDING STANDARDS |
| 942 ## - ADDED ENTRY ELEMENTS (KOHA) | |
| Suppress in OPAC | 0 |
| Withdrawn status | Lost status | Source of classification or shelving scheme | Damaged status | Not for loan | Home library | Current library | Shelving location | Date acquired | Total Checkouts | Full call number | Barcode | Date last seen | Copy number | Price effective from | Koha item type |
|---|---|---|---|---|---|---|---|---|---|---|---|---|---|---|---|
| Dewey Decimal Classification | London | London | News article | 17/04/2002 | WB3814-05 | 117541-1001 | 06/08/2019 | 1 | 06/08/2019 | News article |